000 00702nam a2200289Ia 4500
005 20260324150637.0
008 008 260324s9999 xx 000 0 eng d
020 _a9781003255673
037 _aEBOOK
040 _aCRL
040 _beng
040 _cCRL
041 _2eng
041 _aeng
084 _qCRL
100 _aKonrad Adenauer; Richard Winston; Clara Winston
_91227116
245 0 _aWorld Indivisible
245 0 _bWith Liberty and Justice for All
260 _bTaylor and Francis
260 _c1956
365 _a
365 _b150
856 _uhttp://www.taylorfrancis.com/books/9781003255673
942 _cEBOOK
999 _c1836938
_d1836938